| 000 | 00570nam a2200145Ia 4500 | ||
|---|---|---|---|
| 008 | 170221s9999 xx 000 0 und d | ||
| 100 | _aShouvik Sanyal | ||
| 245 | 3 | _aAn Analysis of the Impact of Service Quality and Passenger Satisfaction on Passenger Preference for Airlines : A Study of the Indian Aviation Sector | |
| 245 | _cShouvik Sanyal, Mohammed Wamique Hisam | ||
| 260 | _bInternational Review of Management and Marketing | ||
| 260 | _c2013 | ||
| 300 | _a8 : 2 | ||
| 650 | _xMarketing. | ||
| 856 | _uhttp://www.econjournals.com/index.php/irmm/issue/view/72 | ||
| 999 |
_c313801 _d313801 |
||